00373nam a2200145Ia 4500003000400000008004100004040001600045082001300061100001900074245004500093260004200138300001000180650001500190650002200205GCL140319s9999 xx 000 0 eng d aGCL / cGCL04a843bP G1 aPERGAUD, LOUIS10aLA GUERRE DES BOUTONS / cPERGAUD, LOUIS a[S.N] : bMERCURE DE FRANCE ، c1963 a276 P04aLITERATURE04aFRENCH LITERATURE